000
00371nam a2200157Ia 4500
005
20250326141540.0
008
250326s9999 xx 000 0 und d
037
_a
Textbook
040
_a
FMSL
_b
eng
_c
FMSL
041
_a
eng
_2
eng
084
_q
FMSL
245
0
_a
Business India 21 Aug-29 Oct. 1989
260
_c
1989
942
_c
TB
999
_c
1290827
_d
1290827